Zodiac Match Blitz Quiz Stats

 Plays Quiz Updated Mar 4, 2013

Also try: Symbols Blitz
Challenge
Share
Tweet
Score 0/12 Timer 01:00
0 Plays Today
% Correct
Aquarius
72.8%
Taurus
65.8%
Aries
57.5%
Gemini
56.1%
Sagittarius
51%
Cancer
39.6%
Pisces
36.7%
Libra
36.5%
Scorpio
33.3%
Leo
29.7%
Virgo
24.2%
Capricorn
19.5%

You're not logged in!

Compare scores with friends on all Sporcle quizzes.
Join for Free
OR
Log In

You Might Also Like...

Show Comments

Extras

Top Quizzes Today


Score Distribution

Your Account Isn't Verified!

In order to create a playlist on Sporcle, you need to verify the email address you used during registration. Go to your Sporcle Settings to finish the process.

Report this User

Report this user for behavior that violates our Community Guidelines.

Details: